[Event "ESP-chT2 Gr2"]
[Site "Granada"]
[Date "2010.08.05"]
[Round "2"]
[White "Rodriguez, Marcelo"]
[Black "Tudela Corbalan, Carlos"]
[Result "1-0"]
[WhiteElo "2077"]
[BlackElo "2209"]
[PlyCount "101"]
[EventDate "2010.08.04"]
[EventType "team-tourn"]
[EventRounds "6"]
[EventCountry "ESP"]
[SourceTitle "CBM 137 Extra"]
[Source "ChessBase"]
[SourceDate "2010.09.01"]
[SourceVersion "1"]
[SourceVersionDate "2010.09.01"]
[SourceQuality "1"]

1. d4 e6 2. e3 f5 3. f4 Nf6 4. Nf3 Be7 5. Bd3 0-0 6. 0-0 b6 7. Qe2 Bb7 8. c4 c5 9. Nc3 Ne4 10. Bd2 Bf6 11. dxc5 bxc5 12. Rad1 Qe7 13. Be1 d5 14. cxd5 exd5 15. Bb5 a6 16. Ba4 Nxc3 17. Bxc3 Nd7 18. Bxd7 Qxd7 19. Bxf6 Rxf6 20. Qc2 Rc8 21. Ne5 Qe6 22. Qb3 Rc7 23. Rf2 h6 24. h4 g6 25. Rc2 Rf8 26. Rdc1 Rfc8 27. Qa3 Qb6 28. Qd3 Qf6 29. Nf3 Kh7 30. Qc3 Kg7 31. Nd4 Re7 32. Nf3 Rec7 33. Qe5 Kf7 34. Kf2 Qe6 35. h5 gxh5 36. Qxe6+ Kxe6 37. Rh1 Rg7 38. Rxh5 Rcg8 39. Rxh6+ Kd7 40. Ng5 c4 41. Rf6 Rxg5 42. fxg5 Rxg5 43. Rf7+ Kc6 44. b3 Ba8 45. bxc4 dxc4 46. Rf8 Bb7 47. Rxc4+ Kb5 48. Rc7 Rxg2+ 49. Kf1 Be4 50. Rb8+ Ka5 51. Rc5+ 1-0

[Event "La Roda op 37th"]
[Site "La Roda"]
[Date "2010.04.01"]
[Round "2"]
[White "Mekhitarian, Krikor Sevag"]
[Black "Tudela Corbalan, Carlos"]
[Result "1-0"]
[WhiteElo "2490"]
[BlackElo "2199"]
[PlyCount "49"]
[EventDate "2010.03.31"]
[EventType "swiss"]
[EventRounds "9"]
[EventCountry "ESP"]
[SourceTitle "CBM 135 Extra"]
[Source "ChessBase"]
[SourceDate "2010.05.04"]
[SourceVersion "1"]
[SourceVersionDate "2010.05.04"]
[SourceQuality "1"]

1. e4 g6 2. d4 Bg7 3. Nc3 d6 4. Be3 Nd7 5. f4 a6 6. Nf3 b5 7. Bd3 c5 8. dxc5 Nxc5 9. Qd2 Bb7 10. a3 Nf6 11. Bxc5 dxc5 12. e5 Nd5 13. Be4 e6 14. 0-0-0 Qc7 15. Bxd5 Rd8 16. f5 b4 17. axb4 cxb4 18. Ne4 Bxd5 19. Qxb4 Bxe5 20. Nxe5 Qxe5 21. Rhe1 Bxe4 22. Rxd8+ Kxd8 23. Rxe4 Qxf5 24. Rd4+ Kc8 25. Qc3+ 1-0

[Event "La Roda op 36th"]
[Site "La Roda"]
[Date "2009.04.11"]
[Round "7"]
[White "Tudela Corbalan, Carlos"]
[Black "Pogorelov, Ruslan"]
[Result "0-1"]
[WhiteElo "2226"]
[BlackElo "2420"]
[PlyCount "68"]
[EventDate "2009.04.08"]
[EventType "swiss"]
[EventRounds "9"]
[EventCountry "ESP"]
[SourceTitle "CBM 129 Extra"]
[Source "ChessBase"]
[SourceDate "2009.05.05"]
[SourceVersion "2"]
[SourceVersionDate "2009.05.20"]
[SourceQuality "1"]

1. e4 c5 2. Nf3 Nc6 3. Nc3 e6 4. d4 cxd4 5. Nxd4 Qc7 6. g3 a6 7. Bg2 Nf6 8. 0-0 Be7 9. Re1 Nxd4 10. Qxd4 Bc5 11. Qd1 d6 12. Be3 Bxe3 13. Rxe3 e5 14. Qd2 Be6 15. Rd1 Ke7 16. Nd5+ Bxd5 17. exd5 Rhd8 18. Bh3 Kf8 19. Qc3 Qxc3 20. Rxc3 b5 21. Rc7 b4 22. c4 bxc3 23. bxc3 Rab8 24. Rd2 Ne4 25. Re2 Nc5 26. Bf5 g6 27. f4 gxf5 28. fxe5 Ne4 29. g4 dxe5 30. gxf5 Nf6 31. c4 Rbc8 32. Ra7 Rxc4 33. Rxa6 Nxd5 34. Rxe5 Nf4 0-1

[Event "ESP-chT Gp1"]
[Site "Burguillos"]
[Date "2008.08.15"]
[Round "4"]
[White "Tudela Corbalan, Carlos"]
[Black "Cruz Ravina, Francisco Javier"]
[Result "1-0"]
[WhiteElo "2191"]
[BlackElo "2337"]
[PlyCount "91"]
[EventDate "2008.08.13"]
[EventType "team"]
[EventRounds "6"]
[EventCountry "ESP"]
[SourceTitle "CBM 126 Extra"]
[Source "ChessBase"]
[SourceDate "2008.11.05"]
[SourceVersion "1"]
[SourceVersionDate "2008.11.05"]
[SourceQuality "1"]

1. e4 c6 2. d4 d5 3. e5 Bf5 4. c4 e6 5. Nc3 Nd7 6. Nge2 Ne7 7. Be3 dxc4 8. Ng3 Bd3 9. Bxd3 cxd3 10. 0-0 h5 11. Bg5 f6 12. Nce4 Ng6 13. Qb3 Be7 14. exf6 Nxf6 15. Bxf6 gxf6 16. Qxe6 Kf8 17. Qf5 Rh6 18. Qf3 Qd5 19. Nf5 Rh7 20. Nxe7 Rxe7 21. Qxf6+ Qf7 22. Qxf7+ Kxf7 23. Rfe1 Rd8 24. Ng5+ Kf6 25. Nf3 Nf4 26. Rxe7 Kxe7 27. Kf1 Ne6 28. Re1 d2 29. Nxd2 Rxd4 30. Nf3 Rd5 31. Re5 Rxe5 32. Nxe5 Kf6 33. Nd3 c5 34. Ke2 Kf5 35. Ke3 b5 36. h3 c4 37. Nb4 Nf4 38. g3 a5 39. Nc6 Nd3 40. Nd4+ Ke5 41. Nxb5 Nxb2 42. Nc3 Nd3 43. f4+ Kf5 44. Nb5 Ke6 45. g4 hxg4 46. hxg4 1-0

[Event "La Roda op 35th"]
[Site "La Roda"]
[Date "2008.03.20"]
[Round "2"]
[White "Tudela Corbalan, Carlos"]
[Black "Suba, Mihai"]
[Result "0-1"]
[WhiteElo "2194"]
[BlackElo "2485"]
[PlyCount "54"]
[EventDate "2008.03.19"]
[EventType "swiss"]
[EventRounds "9"]
[EventCountry "ESP"]
[SourceTitle "CBM 123 Extra"]
[Source "ChessBase"]
[SourceDate "2008.05.06"]
[SourceVersion "1"]
[SourceVersionDate "2008.05.06"]
[SourceQuality "1"]

1. e4 Nf6 2. Nc3 d5 3. e5 Nfd7 4. d4 c5 5. Be3 cxd4 6. Bxd4 e6 7. Qg4 Nc6 8. Nf3 Nxd4 9. Qxd4 Bc5 10. Qg4 0-0 11. Bd3 f5 12. Qf4 Qb6 13. 0-0 a6 14. Rab1 Qc7 15. a4 Ba7 16. Rfe1 Nc5 17. Ne2 Ne4 18. Rf1 Bd7 19. c4 dxc4 20. Bxe4 fxe4 21. Qxe4 Bc6 22. Qxc4 Rxf3 23. gxf3 Qxe5 24. Ng3 Qf6 25. Rbe1 Qxf3 26. Qxe6+ Kh8 27. Re4 Rf8 0-1

[Event "ESP-chT CECLUB Sur Div 1"]
[Site "Burguillos"]
[Date "2007.08.25"]
[Round "5"]
[White "Horcajada Reales, Guillermo"]
[Black "Tudela Corbalan, Carlos"]
[Result "1-0"]
[WhiteElo "2190"]
[BlackElo "2196"]
[PlyCount "141"]
[EventDate "2007.08.22"]
[EventType "team"]
[EventRounds "6"]
[EventCountry "ESP"]
[SourceTitle "CBM 119 Extra"]
[Source "ChessBase"]
[SourceDate "2007.09.04"]
[SourceVersion "1"]
[SourceVersionDate "2007.09.04"]
[SourceQuality "1"]

1. d4 Nf6 2. Nf3 g6 3. c4 Bg7 4. Nc3 0-0 5. e4 d6 6. Be2 e5 7. 0-0 Nc6 8. d5 Ne7 9. Nd2 Ne8 10. b4 a5 11. bxa5 Rxa5 12. Nb3 Ra8 13. a4 f5 14. a5 f4 15. Bg4 Bxg4 16. Qxg4 f3 17. gxf3 Kh8 18. Ne2 Nf6 19. Qh3 Nh5 20. Be3 Rf7 21. c5 Qf8 22. cxd6 cxd6 23. Nd2 Nf4 24. Bxf4 exf4 25. Ra2 g5 26. Nb3 Rf6 27. Ned4 Rh6 28. Qd7 Rd8 29. Qxb7 Qe8 30. Rc1 Qh5 31. Qxe7 Bf6 32. Qc7 g4 33. Qxd8+ Bxd8 34. Rc8 Qxh2+ 35. Kf1 Rg6 36. Rxd8+ Kg7 37. Rc2 g3 38. fxg3 Qh1+ 39. Ke2 fxg3 40. Nf5+ Kf6 41. Rxd6+ Ke5 42. Rxg6 Qg2+ 43. Ke3 Qg1+ 44. Kd3 Qf1+ 45. Kd2 Qf2+ 46. Kc1 Qe1+ 47. Kb2 hxg6 48. Nxg3 Qxg3 49. Rc6 Qf2+ 50. Ka3 g5 51. d6 Qa7 52. Rc5+ Kxd6 53. Rxg5 Ke6 54. f4 Kf6 55. Rc5 Qb7 56. e5+ Kf5 57. Rc4 Qa6 58. Rb4 Qa7 59. Nd4+ Kg4 60. Nc6 Qa6 61. Rb6 Qd3+ 62. Kb4 Kxf4 63. Kc5 Ke4 64. Rb4+ Kf5 65. Kb6 Ke6 66. a6 Qe3+ 67. Kb7 Qg5 68. a7 Qg7+ 69. Kb6 Qf8 70. Rd4 Qa3 71. Kb7 1-0